Exhortación apostólica postsinodal ECCLESIA IN AMERICA del Santo Padre Juan Pablo II a los obispos, a los prebísteros y diáconos, a los consagrados y consagradas y a todos los fieles laicos sobre el encuentro con Jesucristo vivo, camino para la convesión, la comunión y la solidaridad en América. (Record no. 29700)
[ view plain ]
| 000 -CABECERA | |
|---|---|
| campo de control de longitud fija | 00630nam a2200133 a 4500 |
| 001 - NÚMERO DE CONTROL | |
| campo de control | 000030208 |
| 005 - FECHA Y HORA DE LA ÚLTIMA TRANSACCIÓN | |
| campo de control | 20200930060132.0 |
| 008 - DATOS DE LONGITUD FIJA--INFORMACIÓN GENERAL | |
| campo de control de longitud fija | 110504s1999 dr r 000 0 spa d |
| 040 ## - FUENTE DE LA CATALOGACIÓN | |
| Centro catalogador/agencia de origen | DO-SdBNP |
| Lengua de catalogación | spa |
| Centro/agencia transcriptor | BNPHU |
| 082 ## - NÚMERO DE LA CLASIFICACIÓN DECIMAL DEWEY | |
| Número de clasificación | xxxx |
| Número de documento/Ítem | E96 |
| 245 00 - MENCIÓN DE TÍTULO | |
| Título | Exhortación apostólica postsinodal ECCLESIA IN AMERICA del Santo Padre Juan Pablo II a los obispos, a los prebísteros y diáconos, a los consagrados y consagradas y a todos los fieles laicos sobre el encuentro con Jesucristo vivo, camino para la convesión, la comunión y la solidaridad en América. |
| 260 ## - PUBLICACIÓN, DISTRIBUCIÓN, ETC. | |
| Lugar de publicación, distribución, etc. | Santo Domingo : |
| Nombre del editor, distribuidor, etc. | Ediciones MSC, |
| Fecha de publicación, distribución, etc. | 1999. |
| 300 ## - DESCRIPCIÓN FÍSICA | |
| Extensión | 143 p. ; |
| Dimensiones | 22 cm. |
| Estado de retiro | Estado de pérdida | No para préstamo | Código de colección | Localización permanente | Ubicación/localización actual | Ubicación en estantería | Fecha de adquisición | Número de inventario | Total de préstamos | Signatura topográfica completa | Código de barras | Fecha visto por última vez | Precio válido a partir de | Tipo de ítem Koha |
|---|---|---|---|---|---|---|---|---|---|---|---|---|---|---|
| Patrimonio Dominicano | Patrimonio Dominicano | Patrimonio Dominicano | Orden iniciada | 04.05.2011 | LF1 | xxxx E96 | 30208-10 | 25.06.2020 | 25.06.2020 | Libro y Folleto Colección Patrimonio Dominicano |
